00999cam a2200265 a 4500003000500000005001700005008004100022010001000063011001000073020001500083035001000098040000900108082001500117100003800132245008700170260010300257300002000360410008700380490004700467650002600514650002300540700003600563810008700599830004700686CHAP20251215091626.0990617d1994 mx a r 00110 spa d a78305 a79277 a9684962797 a89482 cCHAP04a972.46bR810aRuvalcaba Mercado, Jesúsecomp.10aCongregaciones civiles de Tulancingoc/comp. por Jesús Ruvalcaba y Ariane Baroni aMéxico, D.F. :bCentro de Investigación y Estudios Superiores en Antropología Social,c1994. a196 p. :bilus.2 aCentro de Investigaciones y Estudios Superiores en Antropología Social. México 0aColección Miguel Othón de Mendizábal14aAgriculturazHidalgo.14aHidalgoxHistoria.0 aBaroni Boissonas, Arianeecomp.2 aCentro de Investigaciones y Estudios Superiores en Antropología Social. México0 aColección Miguel Othón de Mendizábal